LDR 00593naa#a2200181#i#450# 001 EN\RIOR\bibl\125794 005 20260629143528.1 011 ## _a2409-6024 100 ## _a20260530b2026####ek#y0engy0150####ca 102 ## _aRU 200 1# _aTHEORETICAL FOUNDATIONS OF ENSURING THE ECONOMIC SECURITY OF THE ENTERPRISE _eJournal article 210 1# _aMoscow _cPublishing Center RIOR _d2026 215 ## _a9 с. 608 ## _aJournal article _2local 675 ## _aУправление экономикой. 338.24 _z 700 #1 _aOrlova _gEkaterina Anatol'evna 700 #1 _aPronicheva _gMarina Andreevna 856 4# _ariorpub.com _u